000
00233nam a2200097Ia 4500
008
190216s9999||||xx |||||||||||||| ||und||
100
_a
Ahmed Moulavi. C.;n
245
0
_a
Arabic-Saheehul Bhuhari
260
_b
Ansari Press
942
_c
REF
999
_c
35234
_d
35234